000 00721nam a22002417a 4500
001 BR8700432
003 BR-BrBNA
005 20230928092339.0
007 ta
008 230509b bl.||||| |||| 00| 0 por d
040 _aBR-BrBNA
_bpor
_cBiblioteca Nacional de Agricultura
041 _a(Por)
072 _aP40
_b/G514
090 _ P40 BR8700432
100 1 _aFerraz, S.
110 1 _aMinisterio da Agricultura, Rio de Janeiro, GB (Brasil). Diretoria de Meteorologia
_96934
245 1 _aO segundo ano polar internacional, 1932-1933. A cooperacao do Brasil
260 3 _aRio de Janeiro, GB (Brasil):
_c1931.
300 _a16 p.
650 _aMETEOROLOGIA
909 _a202309
_bLucia
_c55
_dLucia Elande
942 _cBK
999 _c38492
_d38492